000 00395nam a22001577a 4500
003 CEME
005 20210628201944.0
008 210415b xxu||||| |||| 00| 0 eng d
040 _c.
082 _a629.8 RAG'S
100 _aRaggzzini, John R , Franklin, Gene F
_957589
245 _aSampled data control systems
260 _aNEWYORK
_bMCGRAW HILL
_c1958
300 _a331P
942 _cBK
_2ddc
999 _c567861
_d567861